• 首页
  • 本馆介绍
  • 公告通知
  • 最新文献
  • 馆藏检索
  • 电子资源
  • 读者导购
  • 参考咨询
  • 我的图书馆
  • 登录
  • 详细信息显示
  • 放入我的书架
  • 预约/预借图书
  • 作者相关作品
  • 分类相关作品
  • 丛书相关作品
  • 出版社相关作品

书目信息

  • 表格格式
  • 工作单格式
  • 卡片格式
题名:
毛泽东诗词选
    
 
作者: 毛泽东 著
分册:  
出版信息: 北京   人民文学出版社  1991
页数: 169页
开本: 20cm
丛书名:
单 册:
中图分类: A44
科图分类:
主题词: 毛主席诗词--选集 , 毛主席诗词
电子资源:
ISBN: 7-02-001113-6
000 00710nam 2200241 45
001 1259693484
005 20121003163649.09
010    @a7-02-001113-6@dCNY3.75
100    @a19910529d1991 em y0chiy0121 ea
101 0  @achi
102    @aCN@b110000
105    @af z 010gy
200 10 @a毛泽东诗词选@AMAO ZE DONG SHI CI XUAN@f毛泽东著@FMAO ZE DONG ZHU
210    @a北京@c人民文学出版社@d1991
215    @a169页@c照片@d20cm
330    @a本书为纪念毛泽东逝世十周年而出版,共收诗词50首。
540 1  @a毛泽东 诗词@AMAO ZE DONG SHI CI
606 0  @a毛主席诗词@x选集
606 0  @a毛主席诗词
690    @aA44@v4
701  0 @a毛泽东@AMAO ZE DONG@4著
801  0 @aCN@bTSSF@c19910529
905    @a10447@dA44@eJY1
    
    毛泽东诗词选/毛泽东著.-北京:人民文学出版社,1991
    169页:照片;20cm
    
    
    ISBN 7-02-001113-6:CNY3.75
    本书为纪念毛泽东逝世十周年而出版,共收诗词50首。
●
相关链接 在E读中查询图书 在五车中查询图书 在当当中查询图书 在豆瓣中查询图书


正题名:毛泽东诗词选     索取号:A44/JY1         预约/预借

序号 登录号 条形码 馆藏地/架位号 状态 备注
1 7800350   278003508   学院路分馆/ [索取号:A44/JY1] 在馆    
2 7800351   278003517   学院路分馆/ [索取号:A44/JY1] 在馆    
3 7800352   278003526   学院路分馆/ [索取号:A44/JY1] 在馆    
4 7800353   278003535   学院路分馆/ [索取号:A44/JY1] 在馆    
唐山师范学院图书馆 欢迎您!
大连网信软件有限公司© 版权所有